000 00447nam a2200121Ia 4500
008 220204s9999 xx 000 0 und d
020 _a9781622043897
082 _aNR:62(083.74)AST2013
_bANN.09.02
245 0 _a2013 Annual book of ASTM standards: Section 9. Rubber. Vol.09.02. Rubber products, industrial-specifications and related test methods, gaskets, tires
260 _aASTM international
_bUSA
_c2013
650 _aASTM standard
942 _cBK
999 _c43145
_d43145